Estatísticas para Cultura Geral

Clique aqui para jogar o quiz

Estatísticas Gerais

  • Esse quiz foi jogado 11 vezes
  • A pontuação média é 5 de 16

Estatísticas das Respostas

HintResposta% Correto
Em que país você teria encontrado um grupo rebelde chamado FARC?Colômbia
67%
Qual série de videogame apresenta uma arqueóloga chamada Lara Croft?Tomb Raider
67%
Em que mar você está se navegar para o leste através dos Pilares de Hércules?Mediterrâneo
56%
Entre os países que existiam no início da Segunda Guerra Mundial, qual perdeu o maior percentual de sua população?Polónia
56%
O nome verdadeiro de qual ator prolífico é Nicolas Coppola?Nicolas Cage
44%
Que banda fez um filme chamado "The Wall"?Pink Floyd
44%
Em que país foi filmada a trilogia "O Senhor dos Anéis"?Nova Zelândia
33%
Que tipo de animal tem as subespécies de Bengala e Siberiana?Tigre
33%
Quem canta a música "Bad Guy"?Billie Eilish
22%
Que vilão de capa foi famoso por Bela Lugosi?Drácula
22%
Em que cidade aconteceu o filme "Lost in Translation"?Tóquio
22%
Que filme infantil teve um "Squeakquel"?Alvin e os Esquilos
0%
Que empresa vende o perfume "Obsession"?Calvin Klein
0%
A sequência de qual filme tem o subtítulo "Havana Nights"?Dirty Dancing
0%
Que tipo de animal era o malvado Iago no filme "Aladdin"?Papagaio
0%
Existem 21 Cs e 5 Vs. O que significa o V?Vogal
0%

Distribuição das Pontuações

Percentil de Números Respondidos

Porcentagem de Pessoas com Cada Pontuação

Sua Pontuação Histórica

Você não jogou esse quiz